[Event "18th Unive Open 2014"]
[Site "Hoogeveen NED"]
[Date "2014.10.13"]
[Round "3.7"]
[White "Gonzalez De La Torre, Santiago"]
[Black "Ernst, Sipke"]
[Result "1-0"]
[WhiteTitle "IM"]
[BlackTitle "GM"]
[WhiteElo "2440"]
[BlackElo "2555"]
[WhiteFideId "2221667"]
[BlackFideId "1004689"]
[EventDate "2014.10.11"]

1. e4 e5 2. Nf3 Nc6 3. Bb5 a6 4. Ba4 Nf6 5. O-O Be7 6. Re1 b5 7. Bb3 d6 8. c3
O-O 9. h3 Na5 10. Bc2 c5 11. d4 Qc7 12. Nbd2 Be6 13. d5 Bd7 14. b3 g6 15. Kh2
Nh5 16. g3 c4 17. b4 Nb7 18. Nf1 a5 19. Bh6 Ng7 20. a3 f5 21. exf5 gxf5 22. Ne3
Qd8 23. a4 axb4 24. cxb4 Bf6 25. axb5 Rxa1 26. Qxa1 f4 27. Nxc4 e4 28. Nd4 Nf5
29. Rxe4 fxg3+ 30. fxg3 Nxh6 31. Qe1 Bxd4 32. Rxd4 Bxb5 33. Qe4 Rf7 34. Ne3 Qe7
35. g4 Qg5 36. Nf5 Nxf5 37. gxf5 Re7 38. Qg4 Qxg4 39. Rxg4+ Kf7 40. Rh4 Re2+ 41.
Kg3 Rxc2 42. Rxh7+ Kf6 43. Rxb7 Be8 44. b5 Rb2 45. Rb6 Rb3+ 46. Kf4 Rb4+ 47. Kg3
Ke5 48. f6 Kxf6 49. Rb8 Bg6 50. b6 Bf7 51. h4 Bxd5 1-0

[Event "18th Unive Open 2014"]
[Site "Hoogeveen NED"]
[Date "2014.10.13"]
[Round "3.8"]
[White "Stocek, Jiri"]
[Black "Henrich, Thomas"]
[Result "1-0"]
[WhiteTitle "GM"]
[WhiteElo "2551"]
[BlackElo "2227"]
[WhiteFideId "304760"]
[BlackFideId "4640993"]
[EventDate "2014.10.11"]

1. Nf3 d5 2. d4 e6 3. c4 c5 4. cxd5 exd5 5. Bg5 Be7 6. Bxe7 Nxe7 7. dxc5 Qa5+ 8.
Nc3 Nbc6 9. e3 Bg4 10. Qa4 Qxa4 11. Nxa4 Bxf3 12. gxf3 d4 13. O-O-O O-O 14. a3
Nf5 15. Bh3 Nh4 16. exd4 Nxf3 17. d5 Nce5 18. Bg2 Nh4 19. Rhg1 f5 20. Nc3 Ng4
21. d6 Nxg2 22. Rxg2 Rac8 23. b4 Nf6 24. Nd5 Nxd5 25. Rxd5 g6 26. f4 Rfd8 27.
Kb2 Kf7 28. Re2 Rd7 29. Rde5 1-0

[Event "18th Unive Open 2014"]
[Site "Hoogeveen NED"]
[Date "2014.10.13"]
[Round "3.9"]
[White "De Jong, Migchiel"]
[Black "Romanishin, Oleg M"]
[Result "1/2-1/2"]
[WhiteTitle "IM"]
[BlackTitle "GM"]
[WhiteElo "2321"]
[BlackElo "2490"]
[WhiteFideId "1002848"]
[BlackFideId "14100088"]
[EventDate "2014.10.11"]

1. e4 e5 2. Nf3 Nc6 3. Bb5 a6 4. Ba4 Nf6 5. O-O Be7 6. Re1 b5 7. Bb3 d6 8. c3
O-O 9. d4 Bg4 10. Be3 Bh5 11. h3 Bg6 12. Nbd2 exd4 13. Nxd4 Na5 14. Bc2 c5 15.
N4f3 d5 16. Ne5 d4 17. cxd4 cxd4 18. Bg5 Nh5 19. Bxe7 Qxe7 20. Ndf3 Rad8 21. Qd2
Qc7 22. Bb3 Qb6 23. Bd5 Nf6 24. b4 Nc4 25. Bxc4 bxc4 26. Nxc4 Qb5 27. Nce5 Bxe4
28. Ng4 Bxf3 29. Nxf6+ gxf6 30. gxf3 Qg5+ 31. Qxg5+ fxg5 1/2-1/2

[Event "18th Unive Open 2014"]
[Site "Hoogeveen NED"]
[Date "2014.10.13"]
[Round "3.10"]
[White "Malaniuk, Vladimir P"]
[Black "Kramer, Julian"]
[Result "1-0"]
[WhiteTitle "GM"]
[WhiteElo "2495"]
[BlackElo "2147"]
[WhiteFideId "14100177"]
[BlackFideId "12921742"]
[EventDate "2014.10.11"]

1. d4 d5 2. c4 c6 3. Nc3 Nf6 4. e3 e6 5. Nf3 Nbd7 6. Qc2 Bd6 7. b3 O-O 8. Bb2 e5
9. Be2 e4 10. Nd2 a6 11. g4 b5 12. g5 b4 13. Na4 Ne8 14. cxd5 cxd5 15. Qc6 Rb8
16. Qxd5 Nb6 17. Nxb6 Rxb6 18. h4 Bb7 19. Qf5 Qe7 20. Bc4 Bc7 21. d5 Nd6 22. Qe5
Qxe5 23. Bxe5 Nb5 24. Bb2 Re8 25. O-O-O Be5 26. Bxe5 Rxe5 27. Bxb5 axb5 28. d6
Re8 29. Nb1 Rd8 30. Rd4 Rbxd6 31. Rxb4 Bc6 32. Nc3 Rd2 33. Rd1 Rxd1+ 34. Nxd1 h6
35. Nc3 hxg5 36. hxg5 Kh7 37. Nxb5 Rb8 38. a4 Kg6 39. Kb2 Kxg5 40. Kc3 Kf6 41.
Nd4 Rxb4 42. Kxb4 Ba8 43. Kc5 Ke5 44. b4 f5 45. b5 g5 46. a5 f4 47. a6 g4 48. b6
g3 49. exf4+ 1-0

[Event "18th Unive Open 2014"]
[Site "Hoogeveen NED"]
[Date "2014.10.13"]
[Round "3.11"]
[White "Franco Alonso, Alejandro"]
[Black "Van Osch, Mees"]
[Result "0-1"]
[WhiteTitle "IM"]
[WhiteElo "2454"]
[BlackElo "2188"]
[WhiteFideId "2214067"]
[BlackFideId "1035967"]
[EventDate "2014.10.11"]

1. d4 d6 2. Nf3 Nf6 3. c4 g6 4. Nc3 Bg7 5. e4 O-O 6. Be2 e5 7. Be3 exd4 8. Nxd4
Re8 9. f3 c6 10. Bf2 d5 11. exd5 cxd5 12. O-O Nc6 13. c5 Bf8 14. Kh1 Bd7 15. a3
a5 16. Ndb5 Ne5 17. b3 Bc6 18. Na4 Ned7 19. Re1 Nh5 20. Qd2 Ng7 21. b4 Nf5 22.
Nb6 Nxb6 23. cxb6 axb4 24. Nc7 Rxa3 25. Nxe8 Bxe8 26. Rad1 Bc6 27. Bc4 d4 28.
Bxd4 Qxd4 29. Qxd4 Nxd4 30. Rxd4 Kg7 31. Bd5 Bc5 32. Rdd1 Bxb6 33. h3 b3 34. Re2
Bxd5 35. Rxd5 Ra1+ 36. Kh2 Ra2 37. Red2 Bc7+ 38. g3 Rxd2+ 39. Rxd2 Be5 40. Rd3
b2 41. Rb3 Kf6 42. Rb6+ Ke7 43. Kg2 Kd7 44. f4 Bd4 45. Rb3 Kc6 46. Kf3 b5 47.
Ke4 Kc5 48. Kd3 b4 49. g4 Bc3 50. h4 f5 0-1

[Event "18th Unive Open 2014"]
[Site "Hoogeveen NED"]
[Date "2014.10.13"]
[Round "3.12"]
[White "Majhi, Ankit"]
[Black "Schoorl, Rob"]
[Result "1/2-1/2"]
[BlackTitle "FM"]
[WhiteElo "2172"]
[BlackElo "2330"]
[WhiteFideId "1033735"]
[BlackFideId "1009508"]
[EventDate "2014.10.11"]

1. e4 e5 2. Nf3 Nc6 3. Bb5 a6 4. Ba4 Nf6 5. O-O b5 6. Bb3 Bb7 7. d3 Bd6 8. a4 h6
9. axb5 axb5 10. Rxa8 Bxa8 11. Na3 Bxa3 12. bxa3 O-O 13. Bb2 Re8 14. Qa1 d6 15.
Qa2 Qd7 16. a4 bxa4 17. Bxa4 Rb8 18. Bc3 Qe7 19. Rb1 Rxb1+ 20. Qxb1 Nd7 21. Bb3
Nb6 22. Qa2 Nb8 23. Qa7 Nc6 24. Qa2 Nb8 25. Nd2 N8d7 26. Nc4 Qf8 27. Qa7 Qc8 28.
Ba5 Nxc4 29. Bxc4 Bb7 30. Bd2 Nb6 31. Bb3 Qa8 32. Qxa8+ Bxa8 33. Be3 Kf8 34. f4
exf4 35. Bxf4 Ke7 36. Kf2 c5 37. c4 Bc6 38. Ke3 Nd7 39. Bd1 1/2-1/2

[Event "18th Unive Open 2014"]
[Site "Hoogeveen NED"]
[Date "2014.10.13"]
[Round "3.13"]
[White "Gieben, Stijn"]
[Black "Rudolf, Anna"]
[Result "0-1"]
[BlackTitle "WGM"]
[WhiteElo "2157"]
[BlackElo "2314"]
[WhiteFideId "1034170"]
[BlackFideId "722855"]
[EventDate "2014.10.11"]

1. e4 e6 2. d4 d5 3. Nd2 Be7 4. Ngf3 Nf6 5. Bd3 c5 6. exd5 Qxd5 7. dxc5 Qxc5 8.
O-O O-O 9. Qe2 Nbd7 10. b3 Qc7 11. c4 b6 12. Bb2 Bb7 13. Rad1 Rad8 14. Ne4 h6
15. Rfe1 Qf4 16. Bc1 Qg4 17. h3 Qh5 18. Bf4 Nc5 19. Nxc5 Bxf3 20. Qxf3 Qxf3 21.
gxf3 Bxc5 22. Bc2 Bb4 23. Rf1 Nh5 24. Bc7 Rc8 25. Be5 Rfd8 26. Rxd8+ Rxd8 27.
Rd1 Rxd1+ 28. Bxd1 g5 29. Bb8 a5 30. Ba7 Bc5 31. a3 Nf4 32. b4 axb4 33. a4 Nd3
34. Bc2 Ne1 35. Bd1 b3 36. Bxb3 Nxf3+ 37. Kg2 Nd4 38. a5 Nxb3 39. a6 Na5 0-1

[Event "18th Unive Open 2014"]
[Site "Hoogeveen NED"]
[Date "2014.10.13"]
[Round "3.14"]
[White "Szostko, Jakub"]
[Black "Tondivar, Babak"]
[Result "1/2-1/2"]
[BlackTitle "FM"]
[WhiteElo "2102"]
[BlackElo "2288"]
[WhiteFideId "1174282"]
[BlackFideId "12501239"]
[EventDate "2014.10.11"]

1. e4 e6 2. d4 d5 3. Nd2 c5 4. exd5 exd5 5. Ngf3 Nc6 6. Bb5 Bd6 7. dxc5 Bxc5 8.
O-O Ne7 9. Nb3 Bd6 10. Bg5 O-O 11. Re1 Bg4 12. Bh4 Qc7 13. Bg3 Rad8 14. c3 Nf5
15. Bxd6 Nxd6 16. Be2 Nc4 17. Qc2 Bxf3 18. Bxf3 N4e5 19. Be2 Rd6 20. Bb5 Rfd8
21. Bxc6 Nxc6 22. Rad1 d4 23. cxd4 Qb6 24. h3 1/2-1/2

[Event "18th Unive Open 2014"]
[Site "Hoogeveen NED"]
[Date "2014.10.13"]
[Round "3.15"]
[White "Fluit, Johnny"]
[Black "Wunnink, Michael"]
[Result "1/2-1/2"]
[WhiteElo "2108"]
[BlackElo "2286"]
[WhiteFideId "1016253"]
[BlackFideId "1005448"]
[EventDate "2014.10.11"]

1. d4 d5 2. c4 c6 3. Nf3 Nf6 4. Nc3 dxc4 5. a4 Bf5 6. e3 e6 7. Bxc4 Bb4 8. O-O
Nbd7 9. Qe2 Bg6 10. e4 O-O 11. Bd3 Bh5 12. e5 Nd5 13. Nxd5 cxd5 14. Qe3 Re8 15.
Ng5 Bg6 16. Bxg6 fxg6 17. a5 Nf8 18. a6 bxa6 19. Rxa6 Qc8 20. Qd3 h6 21. Nf3 Re7
22. Be3 Rb7 23. Rc1 Qe8 24. Rac6 Be7 25. R1c2 Rxb2 26. Qa6 Rb1+ 27. Bc1 g5 28.
h3 Qg6 29. Rc7 Bd8 30. Rc8 Rxc8 31. Rxc8 g4 32. hxg4 Qxg4 33. Qd3 Qe4 34. Qxe4
dxe4 35. Nd2 Ra1 36. Nb3 Rb1 37. Nd2 1/2-1/2

[Event "18th Unive Open 2014"]
[Site "Hoogeveen NED"]
[Date "2014.10.13"]
[Round "3.16"]
[White "Vedder, Richard"]
[Black "Boer, Alef"]
[Result "1/2-1/2"]
[WhiteTitle "FM"]
[WhiteElo "2277"]
[BlackElo "2167"]
[WhiteFideId "1004166"]
[BlackFideId "1007122"]
[EventDate "2014.10.11"]

1. e4 Nf6 2. e5 Nd5 3. d4 d6 4. Nf3 dxe5 5. Nxe5 c6 6. Nc3 Nxc3 7. bxc3 Be6 8.
Bf4 Nd7 9. Bd3 Nxe5 10. Bxe5 Qd7 11. Qb1 b6 12. a4 f6 13. Bg3 Kf7 14. O-O g6 15.
Re1 Bh6 16. Qb4 Rhd8 17. Re2 Bf8 18. Rae1 Bf5 19. Bc4+ e6 20. Qb3 Re8 21. f3 h5
22. h3 g5 23. Bf2 h4 24. f4 gxf4 25. Bxh4 Bd6 26. Rf1 Kg6 27. g4 fxg3 28. Bxe6
Rxe6 29. Rxe6 Rf8 30. Re3 Bxh3 31. Rff3 Bg4 32. Rf1 Bh3 33. Rff3 Bg4 34. Rf1 Bh3 1/2-1/2

[Event "18th Unive Open 2014"]
[Site "Hoogeveen NED"]
[Date "2014.10.13"]
[Round "3.17"]
[White "Hoffman, Ron"]
[Black "Van der Lende, Ilias"]
[Result "1-0"]
[WhiteElo "2086"]
[BlackElo "2277"]
[WhiteFideId "1007599"]
[BlackFideId "1019260"]
[EventDate "2014.10.11"]

1. d4 e6 2. Nf3 d5 3. Bf4 c5 4. c3 Nc6 5. e3 Bd6 6. Bxd6 Qxd6 7. Bb5 Ne7 8. Ne5
O-O 9. Nxc6 bxc6 10. Bd3 Rb8 11. dxc5 Qxc5 12. b4 Qd6 13. Nd2 e5 14. Nb3 f5 15.
O-O e4 16. Be2 f4 17. exf4 Ng6 18. g3 Nxf4 19. gxf4 Rxf4 20. f3 Bh3 21. Qe1 Bxf1
22. Qxf1 Rbf8 23. Nd4 Qf6 24. Qh3 exf3 25. Bd3 Qg5+ 26. Kh1 Qh4 27. Qxh4 Rxh4
28. Rf1 f2 29. Bf5 Rf6 30. Bd7 g6 31. a3 Kg7 32. h3 Re4 33. Kg2 Re3 34. Rxf2
Rxf2+ 35. Kxf2 Rxc3 36. a4 Ra3 37. a5 Kf6 38. Nxc6 d4 39. Ke2 Rb3 40. a6 h5 41.
Nxa7 Rxb4 42. Nb5 Ra4 43. a7 Kg5 44. Bc6 Kh4 45. a8=Q Rxa8 46. Bxa8 d3+ 47. Kxd3
Kxh3 48. Ke3 g5 49. Kf2 Kh2 50. Nd4 g4 51. Nf5 g3+ 52. Nxg3 h4 53. Nf1+ Kh3 54.
Ne3 Kh2 55. Bg2 h3 56. Ng4# 1-0

[Event "18th Unive Open 2014"]
[Site "Hoogeveen NED"]
[Date "2014.10.13"]
[Round "3.18"]
[White "Bezemer, Arno"]
[Black "Buckels, Valentin"]
[Result "1-0"]
[WhiteTitle "FM"]
[WhiteElo "2275"]
[BlackElo "2179"]
[WhiteFideId "1001396"]
[BlackFideId "12942766"]
[EventDate "2014.10.11"]

1. e4 e5 2. Nf3 Nc6 3. Bb5 a6 4. Ba4 Nf6 5. O-O Be7 6. d3 b5 7. Bb3 d6 8. a3 O-O
9. Nc3 Bg4 10. Be3 Qd7 11. Nd5 Rab8 12. h3 Bxf3 13. Nxe7+ Nxe7 14. Qxf3 c5 15.
Qe2 Ng6 16. Bg5 Qe7 17. Qf3 Rfc8 18. Rad1 h6 19. Bc1 a5 20. g3 Qb7 21. Bxh6 c4
22. Ba2 cxd3 23. cxd3 Rc2 24. Bc1 Rbc8 25. Bb1 R2c6 26. Be3 Qd7 27. Kg2 d5 28.
Rc1 d4 29. Bd2 Nf8 30. Rxc6 Rxc6 31. Bxa5 Ne6 32. Bd2 Nc5 33. Qd1 Qc7 34. f4
Nfd7 35. Bb4 Na4 36. Qb3 Rc1 37. Bd2 Rc5 38. Bb4 Rc1 39. Bd2 Rc5 40. fxe5 Nxe5
41. Rf5 g6 42. Rf2 Kg7 43. Bf4 Qd7 44. Ba2 Nc6 45. Bd6 Qxd6 46. Rxf7+ Kh6 47.
Rh7+ Kg5 48. h4+ 1-0

[Event "18th Unive Open 2014"]
[Site "Hoogeveen NED"]
[Date "2014.10.13"]
[Round "3.19"]
[White "Henseler, Jorgen"]
[Black "Colijn, Stefan"]
[Result "1-0"]
[WhiteElo "2085"]
[BlackElo "2259"]
[WhiteFideId "1023233"]
[BlackFideId "1016199"]
[EventDate "2014.10.11"]

1. d4 Nf6 2. c4 e6 3. Nf3 b6 4. g3 Ba6 5. Qc2 Bb4+ 6. Bd2 Be7 7. Bg2 c6 8. O-O
O-O 9. Re1 d5 10. cxd5 exd5 11. Ne5 c5 12. dxc5 bxc5 13. Nc3 Qd6 14. Bf4 Qe6 15.
Rad1 Rd8 16. e4 d4 17. Nd5 Bd6 18. Nxf7 Kxf7 19. Bxd6 d3 20. Qxc5 Nxd5 21. Bxb8
Nb6 22. Qh5+ Kg8 23. Bh3 Qxa2 24. Be5 Qf7 25. Qg5 h6 26. Qc1 Nc4 27. Bc3 d2 28.
Bxd2 Ne5 29. Re3 Nd3 30. Rxd3 Bxd3 31. Re1 Qg6 32. Bf5 Qf7 33. Bc3 Bc4 34. Qf4
Be6 35. Qg4 Bxf5 36. exf5 h5 37. Qg5 Re8 38. Re6 Rxe6 39. fxe6 Qf8 40. e7 Qf7
41. Bxg7 a5 42. Bc3+ Kh7 43. Bxa5 Ra6 44. Bc3 Re6 45. Bf6 Re1+ 46. Kg2 Re6 47.
h4 Re1 48. Qf5+ Kg8 49. Qg5+ Kh7 50. b4 Re2 51. Qf5+ Kg8 52. b5 Re6 53. b6 Rxb6 1-0

[Event "18th Unive Open 2014"]
[Site "Hoogeveen NED"]
[Date "2014.10.13"]
[Round "3.20"]
[White "Raghavi, N."]
[Black "Schoehuijs, Erik"]
[Result "1-0"]
[WhiteTitle "WIM"]
[WhiteElo "2253"]
[BlackElo "2160"]
[WhiteFideId "5017173"]
[BlackFideId "1004425"]
[EventDate "2014.10.11"]

1. e4 e5 2. Nf3 Nc6 3. Bb5 Nf6 4. Nc3 Bc5 5. Nxe5 Nxe5 6. d4 Bd6 7. dxe5 Bxe5 8.
O-O O-O 9. Bd3 c6 10. Bg5 d6 11. Kh1 Qa5 12. f4 Bd4 13. Ne2 Bg4 14. c3 Bb6 15.
b4 Qa3 16. Bxf6 gxf6 17. Qe1 Bxe2 18. Qxe2 Qxc3 19. e5 fxe5 20. Rac1 Qd4 21. Rc4
Qd5 22. fxe5 Qxe5 23. Re4 Qc3 24. Rc4 Qe5 25. Re4 Qc3 26. Rh4 f5 27. Bxf5 Rf6
28. Qe7 1-0

[Event "18th Unive Open 2014"]
[Site "Hoogeveen NED"]
[Date "2014.10.13"]
[Round "3.21"]
[White "Boersma, Jan"]
[Black "Lorscheid, Gerhard"]
[Result "1-0"]
[BlackTitle "FM"]
[WhiteElo "2067"]
[BlackElo "2242"]
[WhiteFideId "1003267"]
[BlackFideId "4606000"]
[EventDate "2014.10.11"]

1. e4 g6 2. Nc3 c6 3. d4 d6 4. Be3 Nf6 5. h3 Nbd7 6. a4 e5 7. Nf3 Qe7 8. Bd3 Bg7
9. O-O O-O 10. a5 d5 11. dxe5 Nxe4 12. Bxe4 dxe4 13. Nxe4 Bxe5 14. Bh6 Rd8 15.
Qe2 f6 16. Qc4+ Kh8 17. Rfe1 Re8 18. Neg5 fxg5 19. Nxg5 b5 20. Qa2 Qf6 21. Nf7+
Kg8 22. Nxe5+ 1-0

[Event "18th Unive Open 2014"]
[Site "Hoogeveen NED"]
[Date "2014.10.13"]
[Round "3.22"]
[White "Vogel, Jaap"]
[Black "Hummel, Joop"]
[Result "1-0"]
[WhiteTitle "FM"]
[WhiteElo "2239"]
[BlackElo "1975"]
[WhiteFideId "1000764"]
[BlackFideId "1012126"]
[EventDate "2014.10.11"]

1. d4 Nf6 2. Nf3 g6 3. g3 Bg7 4. Bg2 O-O 5. O-O d6 6. c4 Nbd7 7. Qc2 c6 8. Rd1
Qc7 9. h3 e5 10. e4 Nh5 11. Nc3 f5 12. d5 Nc5 13. Be3 Nxe4 14. Nxe4 fxe4 15. Ng5
cxd5 16. Rxd5 Nf6 17. Rd2 d5 18. cxd5 Qxc2 19. Rxc2 Nxd5 20. Bc5 Re8 21. Nxe4
Bf5 22. Rd2 Nb6 23. Nd6 Red8 24. Bxb7 Rab8 25. Bg2 Bh6 26. Rdd1 Na4 27. Nxf5
gxf5 28. Bxa7 Rxd1+ 29. Rxd1 Rxb2 30. Bd5+ Kg7 31. Bb3 Nc3 32. Rd7+ Kg6 33. Bb8
Ne2+ 34. Kf1 Nd4 35. Bxe5 Rb1+ 36. Kg2 Nxb3 37. axb3 Rxb3 38. Rd6+ Kh5 39. Rf6
Bg5 40. Rxf5 Kg6 41. Rf3 Rb4 42. Ra3 Rb6 43. f4 Be7 44. Rc3 h5 45. g4 Ra6 46.
Kf3 Bb4 47. Rc4 Ra3+ 48. Ke4 Bf8 49. Rc6+ Kf7 50. Kf5 Rxh3 51. g5 Ra3 52. g6+ 1-0

[Event "18th Unive Open 2014"]
[Site "Hoogeveen NED"]
[Date "2014.10.13"]
[Round "3.23"]
[White "Vereggen, Lars"]
[Black "Oord, Raymon"]
[Result "1-0"]
[WhiteElo "2206"]
[BlackElo "1841"]
[WhiteFideId "1029258"]
[BlackFideId "1046110"]
[EventDate "2014.10.11"]

1. d4 Nf6 2. c4 e6 3. g3 d5 4. Nf3 b6 5. Bg2 Bb7 6. cxd5 exd5 7. O-O Bd6 8. Nc3
c6 9. Bg5 O-O 10. Ne5 h6 11. Bxf6 Qxf6 12. f4 Bxe5 13. fxe5 Qe7 14. e4 dxe4 15.
Qg4 Qd7 16. Qxe4 Na6 17. Rad1 Nc7 18. Qh4 Nd5 19. Ne4 Qe6 20. Bh3 Qe7 21. Rc1 c5
22. Nd6 Qxh4 23. gxh4 Ba6 24. Rxf7 Nf4 25. Rxf8+ Rxf8 26. Bg4 Be2 27. Bd7 Nd3
28. Rb1 cxd4 29. e6 Rf6 30. h3 Bh5 31. Rf1 Rxf1+ 32. Kxf1 Nc5 33. b4 Nd3 34. e7
Nxb4 35. a3 Nc2 36. Ba4 d3 37. Bb3+ Kh7 38. Nf7 Ne3+ 39. Ke1 Bxf7 40. Bxf7 Nc2+
41. Kd2 Nxa3 42. e8=Q 1-0

[Event "18th Unive Open 2014"]
[Site "Hoogeveen NED"]
[Date "2014.10.13"]
[Round "3.24"]
[White "Pranav Vijay"]
[Black "Poznyak, Nazar"]
[Result "1-0"]
[WhiteElo "2197"]
[BlackElo "1824"]
[WhiteFideId "5091640"]
[BlackFideId "14159902"]
[EventDate "2014.10.11"]

1. d4 Nf6 2. c4 c5 3. d5 b5 4. cxb5 a6 5. bxa6 g6 6. Nc3 Bxa6 7. g3 d6 8. Bg2
Bg7 9. Nf3 Nfd7 10. Qc2 Nb6 11. h4 h5 12. Ng5 O-O 13. g4 Bc8 14. gxh5 Bf5 15.
Be4 Qd7 16. hxg6 fxg6 17. h5 gxh5 18. Ne6 Bxe4 19. Qxe4 Rf7 20. Rxh5 Rf6 21.
Qh7+ Kf7 22. Qxg7+ Ke8 23. Rh8+ Rf8 24. Rxf8# 1-0

[Event "18th Unive Open 2014"]
[Site "Hoogeveen NED"]
[Date "2014.10.13"]
[Round "3.25"]
[White "Kasparov, Sergey"]
[Black "Hummel, Paul"]
[Result "1-0"]
[WhiteTitle "GM"]
[WhiteElo "2484"]
[BlackElo "2027"]
[WhiteFideId "13500481"]
[BlackFideId "1021168"]
[EventDate "2014.10.11"]

1. e4 g6 2. d4 Bg7 3. Nc3 d6 4. Nge2 a6 5. a4 b6 6. g3 Bb7 7. Bg2 e6 8. O-O Ne7
9. Be3 O-O 10. Qd2 c5 11. Rad1 Qc7 12. dxc5 dxc5 13. Bf4 Qc8 14. Bh6 Nbc6 15.
Bxg7 Kxg7 16. f4 e5 17. Nd5 Rd8 18. Qe3 Nxd5 19. exd5 Nd4 20. Qxe5+ Kg8 21. Nxd4
cxd4 22. Rf2 Qc5 23. Qxd4 Rac8 24. Qxc5 Rxc5 25. Rd4 f6 26. Re2 Kf7 27. c3 Rd6
28. Re6 1-0

[Event "18th Unive Open 2014"]
[Site "Hoogeveen NED"]
[Date "2014.10.13"]
[Round "3.26"]
[White "Mijnheer, Peter"]
[Black "Clemens, Adrian"]
[Result "1/2-1/2"]
[BlackTitle "FM"]
[WhiteElo "2169"]
[BlackElo "2195"]
[WhiteFideId "1007408"]
[BlackFideId "1006487"]
[EventDate "2014.10.11"]

1. e4 c5 2. Nf3 e6 3. d4 cxd4 4. Nxd4 Nc6 5. Nc3 Qc7 6. Be2 a6 7. Be3 Nf6 8. a3
Be7 9. O-O O-O 10. Kh1 d6 11. f4 Bd7 12. Qe1 Nxd4 13. Bxd4 Bc6 14. Qg3 Rfd8 15.
Bd3 Rd7 16. Rae1 Re8 17. e5 dxe5 18. Bxe5 Qd8 19. Re3 Bc5 20. Bxh7+ Kf8 21. Rd3
Bd4 22. Rxd4 Rxd4 23. Bxd4 Qxd4 24. Bd3 e5 25. fxe5 Rxe5 26. h3 Re3 27. Qb8+ Ke7
28. Qc7+ Kf8 29. Qb8+ Ke7 1/2-1/2

[Event "18th Unive Open 2014"]
[Site "Hoogeveen NED"]
[Date "2014.10.13"]
[Round "3.27"]
[White "Mueer, Sebastian"]
[Black "Hendriks, Richard"]
[Result "1-0"]
[WhiteElo "2185"]
[BlackElo "2110"]
[WhiteFideId "24622001"]
[BlackFideId "1006096"]
[EventDate "2014.10.11"]

1. c4 e5 2. g3 Nf6 3. Bg2 Bc5 4. Nf3 d6 5. Nc3 Nc6 6. O-O a6 7. d3 h6 8. a3 O-O
9. b4 Ba7 10. Bb2 Bf5 11. Rc1 Qd7 12. e3 Rac8 13. Qc2 Bh3 14. Rfe1 Bxg2 15. Kxg2
Ne7 16. d4 exd4 17. exd4 Ng6 18. Re3 Qg4 19. Ne2 Rce8 20. h3 Qd7 21. Re1 h5 22.
Nc3 Rxe3 23. Rxe3 h4 24. Nd5 Nh5 25. Qe4 hxg3 26. fxg3 c6 27. Qg4 Qxg4 28. hxg4
cxd5 29. gxh5 Ne5 30. Nxe5 dxe5 31. c5 e4 32. Rb3 b5 33. a4 Bb8 34. axb5 axb5
35. Ra3 f5 36. Bc1 f4 37. gxf4 Bxf4 38. Bxf4 Rxf4 39. c6 Rf8 40. Rc3 Rc8 41. Rc5
Kf7 42. Rxb5 Rxc6 43. Rxd5 Rc2+ 44. Kg3 e3 45. Kf3 e2 46. Rf5+ Kg8 47. Re5 e1=Q
48. Rxe1 Rb2 49. Re8+ Kf7 50. Rb8 Rh2 51. Rb5 Ke6 52. Rg5 Kf6 53. Re5 1-0

[Event "18th Unive Open 2014"]
[Site "Hoogeveen NED"]
[Date "2014.10.13"]
[Round "3.28"]
[White "Smeets, Pierre"]
[Black "Hovenga, Alje"]
[Result "0-1"]
[WhiteElo "2044"]
[BlackElo "2201"]
[WhiteFideId "1043820"]
[BlackFideId "1005812"]
[EventDate "2014.10.11"]

1. d4 Nf6 2. Nf3 e6 3. c4 Nc6 4. g3 d5 5. Bg2 dxc4 6. O-O Rb8 7. Nc3 a6 8. e4
Be7 9. d5 Nb4 10. Ne5 exd5 11. a3 Nc6 12. Nxc6 bxc6 13. exd5 O-O 14. dxc6 Be6
15. Qe2 Qd3 16. Qe5 Bd6 17. Qa5 h6 18. Rd1 Qc2 19. Be3 Rxb2 20. Rac1 Qb3 21.
Qxa6 Bg4 22. Rd4 Bc5 23. Qxc4 Bxd4 24. Qxd4 Qxa3 25. Bxh6 Rb4 26. Qd2 gxh6 27.
Qxh6 Nh7 28. Nd5 Qb2 29. Nxb4 Qxb4 30. h3 Be6 31. Qe3 Rd8 32. Be4 Qd2 33. Bxh7+
Kxh7 34. Qe4+ Kg8 35. Rc5 Rd5 36. Rxd5 Qxd5 37. Qf4 Qa5 38. h4 Kf8 39. g4 Qe1+
40. Kh2 Qe2 41. Kg3 Bd5 42. h5 Qe4 43. Qxc7 Qf3+ 44. Kh4 Qxf2+ 45. Kg5 f6+ 46.
Kh6 Qe3+ 47. Kg6 Qg5+ 48. Kh7 Be4+ 0-1

[Event "18th Unive Open 2014"]
[Site "Hoogeveen NED"]
[Date "2014.10.13"]
[Round "3.29"]
[White "Lesmann, Francis"]
[Black "Goossens, Hanne"]
[Result "1/2-1/2"]
[BlackTitle "WFM"]
[WhiteElo "2090"]
[BlackElo "2187"]
[WhiteFideId "1001949"]
[BlackFideId "200468"]
[EventDate "2014.10.11"]

1. Nf3 Nf6 2. c4 c5 3. g3 d5 4. cxd5 Nxd5 5. Bg2 Nc6 6. O-O e5 7. d3 Be7 8. Nc3
Nc7 9. Be3 O-O 10. Na4 b6 11. Rc1 Bd7 12. a3 Rc8 13. Bd2 f6 14. e3 Be8 15. Ne1
Nd5 16. Nc3 Bf7 17. Bh3 Nxc3 18. Bxc3 Rc7 19. Qe2 Bb3 20. Nf3 Qd6 21. Nd2 Be6
22. Nc4 Qd7 23. Bg2 Rd8 24. Rfd1 Qc8 25. a4 Bg4 26. Bf3 Bf5 27. Be4 Bg4 28. Bf3
Be6 29. Be4 g6 30. h4 Bg4 31. Bf3 Bf5 32. b3 Rcd7 33. Be4 Bxe4 34. dxe4 Kg7 35.
Qf3 Rxd1+ 36. Rxd1 Qc7 37. Rd5 Qc8 38. g4 Nb4 39. Rxd8 Qxd8 40. g5 Nc6 41. gxf6+
Bxf6 42. h5 Qe7 43. Qh3 Nd8 44. h6+ Kf7 45. Qg3 Nc6 46. Qf3 Qe6 47. Qd1 1/2-1/2

[Event "18th Unive Open 2014"]
[Site "Hoogeveen NED"]
[Date "2014.10.13"]
[Round "3.30"]
[White "Bakels, Anton"]
[Black "Groetzbach, Julian"]
[Result "0-1"]
[WhiteElo "2056"]
[BlackElo "2169"]
[WhiteFideId "1046187"]
[BlackFideId "24600938"]
[EventDate "2014.10.11"]

1. e4 c5 2. Nf3 d6 3. d4 cxd4 4. Nxd4 Nf6 5. Nc3 a6 6. Bg5 e6 7. f4 h6 8. Bh4
Qb6 9. a3 Be7 10. Bf2 Qc7 11. Qf3 Nbd7 12. O-O-O b5 13. g4 g5 14. Bg2 Bb7 15.
Qh3 Rg8 16. e5 dxe5 17. fxe5 Nxe5 18. Bg3 Nfd7 19. Nxe6 Qb6 20. Bxb7 Qxb7 21.
Rhe1 fxe6 22. Bxe5 O-O-O 23. Qxh6 Nf8 24. Rxd8+ Bxd8 25. Bd6 Ng6 26. Rxe6 Qf7
27. Rxg6 Rxg6 28. Qf8 Qe6 29. Bg3 Rf6 30. Qc5+ Qc6 31. Qe5 Rf1+ 32. Kd2 Bc7 33.
Qxc7+ Qxc7 34. Bxc7 Kxc7 35. Ne4 Rh1 36. Nxg5 Rxh2+ 37. Kd3 Rg2 38. Ne4 Rxg4 39.
b3 Kc6 40. c4 bxc4+ 41. bxc4 Rg1 42. Kc2 Re1 43. Nd2 Kc5 44. Kd3 Rh1 45. Nb3+
Kc6 46. Kc3 Rh4 47. Nd4+ Kb6 48. Nb3 a5 49. a4 Rh3+ 50. Kb2 Rh2+ 51. Kb1 Rh4 52.
Nd2 Kc5 53. Kc2 Rh3 54. Nb3+ Kb4 0-1